[Event "FRA T I 120102011"]
[Site "FRA"]
[Date "2010.10.17"]
[Round "1.2"]
[White "Winants, Luc"]
[Black "Soyez, Cyril"]
[Result "1-0"]
[WhiteElo "2519"]
[BlackElo "2258"]
[PlyCount "81"]
[EventDate "2010.10.17"]
[EventType "team-match"]
[EventRounds "9"]
[EventCountry "FRA"]
[Source "FFE"]
[SourceDate "2010.10.29"]
[WhiteTeamCountry "FRA"]
[BlackTeamCountry "FRA"]

1. e4 c5 2. Nf3 Nc6 3. Bb5 g6 4. Bxc6 bxc6 5. O-O Ba6 6. Re1 c4 7. Nc3 Bg7 8.
b3 Nf6 9. e5 Nd5 10. Ne4 O-O 11. bxc4 Bxc4 12. d3 Ba6 13. c4 Nb6 14. Bf4 Qc7
15. Qd2 c5 16. Bh6 Bb7 17. Bxg7 Kxg7 18. h4 Bxe4 19. Rxe4 d5 20. cxd5 Nxd5 21.
Rc1 Rfd8 22. h5 f6 23. Rec4 Qd7 24. exf6+ Nxf6 25. Ne5 Qe6 26. h6+ Kg8 27. Nf3
Rac8 28. Qc3 Rd5 29. Re1 Qd6 30. d4 a6 31. Qb3 Kf8 32. Qc2 Rh5 33. Qc1 Ng4 34.
dxc5 Rcxc5 35. Rxc5 Qxc5 36. Qf4+ Qf5 37. Qb8+ Kf7 38. Qc7 Qc5 39. Qf4+ Qf5 40.
Qc4+ Qd5 41. Qxg4 1-0

[Event "FRA T I 120102011"]
[Site "FRA"]
[Date "2010.10.17"]
[Round "1.4"]
[White "Platel, Alexandre"]
[Black "Therkildsen, Thomas"]
[Result "0-1"]
[WhiteElo "2243"]
[BlackElo "2281"]
[PlyCount "98"]
[EventDate "2010.10.17"]
[EventType "team-match"]
[EventRounds "9"]
[EventCountry "FRA"]
[Source "FFE"]
[SourceDate "2010.10.29"]
[WhiteTeamCountry "FRA"]
[BlackTeamCountry "FRA"]

1. e4 Nf6 2. e5 Nd5 3. d4 d6 4. Nf3 dxe5 5. Nxe5 c6 6. c4 Nb4 7. Nd3 e5 8. dxe5
Bf5 9. Nxb4 Bxb4+ 10. Bd2 Na6 11. Be2 Qb6 12. O-O Rd8 13. Qc1 Bxb1 14. Bxb4
Nxb4 15. Rxb1 Nxa2 16. Qc2 Nb4 17. Qe4 Qd4 18. Qxd4 Rxd4 19. Rbd1 Re4 20. Rd2
Rxe5 21. Bg4 Re7 22. Rfd1 O-O 23. Rd7 Rxd7 24. Rxd7 Rb8 25. f4 Kf8 26. Kf2 Ke8
27. Rd2 Rd8 28. Re2+ Kf8 29. g3 Rd4 30. b3 c5 31. Bf3 b6 32. Re3 Rd2+ 33. Re2
Rd3 34. Re3 Rd6 35. Be4 a5 36. Kf3 g6 37. g4 Rd4 38. f5 Kg7 39. Kf4 b5 40. Rc3
a4 41. bxa4 bxa4 42. g5 f6 43. h4 Nc6 44. gxf6+ Kxf6 45. fxg6 hxg6 46. Rg3 Ne5
47. Rg5 a3 48. Rg3 a2 49. Ra3 Nd3+ 0-1

[Event "FRA T I 120102011"]
[Site "FRA"]
[Date "2010.10.17"]
[Round "1.5"]
[White "Maitesian, Sergei"]
[Black "Marchyllie, Bruno"]
[Result "1-0"]
[WhiteElo "2277"]
[BlackElo "2144"]
[PlyCount "73"]
[EventDate "2010.10.17"]
[EventType "team-match"]
[EventRounds "9"]
[EventCountry "FRA"]
[Source "FFE"]
[SourceDate "2010.10.29"]
[WhiteTeamCountry "FRA"]
[BlackTeamCountry "FRA"]

1. e4 d5 2. exd5 Qxd5 3. Nc3 Qd6 4. d4 a6 5. Nf3 Nf6 6. Be2 Bf5 7. d5 e5 8.
dxe6 Qxd1+ 9. Bxd1 Bxe6 10. Nd4 Bc4 11. b3 Bb4 12. Bd2 Bd5 13. Nxd5 Nxd5 14.
Bf3 Bxd2+ 15. Kxd2 O-O 16. Bxd5 Rd8 17. Rhe1 Kf8 18. Bxb7 Ra7 19. Bf3 c5 20.
Re5 cxd4 21. Rd5 Rad7 22. Rxd7 Nxd7 23. Re1 a5 24. Re4 Nc5 25. Re5 Rc8 26. Rd5
d3 27. cxd3 a4 28. b4 Ne6 29. b5 Rb8 30. Rh5 g6 31. Re5 Nd4 32. Bc6 a3 33. Kc3
f6 34. Rd5 Nxc6 35. bxc6 Rc8 36. Rc5 Ke7 37. Kb3 1-0

[Event "FRA T I 120102011"]
[Site "FRA"]
[Date "2010.10.17"]
[Round "1.6"]
[White "Gouvart, Stephane"]
[Black "Flament, Frederic"]
[Result "1/2-1/2"]
[WhiteElo "1975"]
[BlackElo "2093"]
[PlyCount "100"]
[EventDate "2010.10.17"]
[EventType "team-match"]
[EventRounds "9"]
[EventCountry "FRA"]
[Source "FFE"]
[SourceDate "2010.10.29"]
[WhiteTeamCountry "FRA"]
[BlackTeamCountry "FRA"]

1. e4 c5 2. Nc3 Nc6 3. g3 g6 4. Bg2 Bg7 5. d3 d6 6. Be3 Rb8 7. Nge2 Nd4 8. Nc1
b5 9. Qd2 Bg4 10. f4 b4 11. Nd1 Nf3+ 12. Bxf3 Bxf3 13. O-O Bxd1 14. Qxd1 Bxb2
15. Rb1 Bd4 16. Bxd4 cxd4 17. e5 dxe5 18. fxe5 Qd5 19. Nb3 Nh6 20. Qd2 Nf5 21.
g4 Ng7 22. Qf4 Rd8 23. Nc5 O-O 24. Ne4 Ne6 25. Qg3 a5 26. Qh4 Rd7 27. Rf6 Qxe5
28. Rbf1 Kg7 29. g5 exf6 30. Qh6+ Kh8 31. Nxf6 Qxg5+ 32. Qxg5 Nxg5 33. Nxd7 Rc8
34. h4 Rc7 35. Ne5 Ne6 36. Rxf7 Rxc2 37. Re7 Nc7 38. Nf7+ Kg7 39. Ng5+ Kf6 40.
Rxh7 Ne6 41. Rf7+ Ke5 42. Re7 Rc6 43. Kf2 a4 44. Nxe6 Rxe6 45. Rb7 b3 46. axb3
axb3 47. Rxb3 Kf4 48. Rb4 Rd6 49. Rb8 Kg4 50. Rh8 Ra6 1/2-1/2

[Event "FRA T I 120102011"]
[Site "FRA"]
[Date "2010.10.17"]
[Round "1.7"]
[White "Kieffer, Christian"]
[Black "Husson, Cybele"]
[Result "1-0"]
[WhiteElo "2139"]
[BlackElo "1979"]
[PlyCount "79"]
[EventDate "2010.10.17"]
[EventType "team-match"]
[EventRounds "9"]
[EventCountry "FRA"]
[Source "FFE"]
[SourceDate "2010.10.29"]
[WhiteTeamCountry "FRA"]
[BlackTeamCountry "FRA"]

1. e4 Nf6 2. e5 Nd5 3. d4 d6 4. Nf3 dxe5 5. Nxe5 c6 6. Be2 Nd7 7. Nd3 N7f6 8.
Nd2 Bf5 9. Nf3 e6 10. O-O Ne4 11. c4 Nb6 12. Qb3 Qc8 13. a4 Be7 14. a5 Nd7 15.
Nfe5 Nxe5 16. Nxe5 O-O 17. a6 bxa6 18. Qa4 c5 19. Nc6 Bd6 20. f3 Nf6 21. Be3
Qc7 22. f4 g5 23. dxc5 Bxf4 24. Bxf4 gxf4 25. Bf3 e5 26. Qa5 Qxa5 27. Rxa5 Bd3
28. Ne7+ Kg7 29. Bxa8 Bxf1 30. Kxf1 Rxa8 31. c6 Ne8 32. Rxe5 Kf6 33. Re4 Kg5
34. Nd5 Rc8 35. b3 Nd6 36. Re5+ Kh6 37. c7 Kg7 38. Re7 Kf8 39. Rd7 Ne8 40. Rd8
1-0

[Event "FRA T I 120102011"]
[Site "FRA"]
[Date "2010.10.17"]
[Round "1.8"]
[White "Feryn, Benjamin"]
[Black "L'Huillier, Helene"]
[Result "1-0"]
[WhiteElo "2020"]
[BlackElo "1937"]
[PlyCount "115"]
[EventDate "2010.10.17"]
[EventType "team-match"]
[EventRounds "9"]
[EventCountry "FRA"]
[Source "FFE"]
[SourceDate "2010.10.29"]
[WhiteTeamCountry "FRA"]
[BlackTeamCountry "FRA"]

1. e4 e5 2. Nf3 Nc6 3. Bc4 Nf6 4. d3 Be7 5. O-O O-O 6. Nbd2 Re8 7. Ng5 Rf8 8.
c3 h6 9. Ngf3 d6 10. Re1 Bg4 11. h3 Bh5 12. Nf1 Nh7 13. Ng3 Bg6 14. Be3 Ng5 15.
Kh2 Nxf3+ 16. Qxf3 Kh8 17. b4 Bg5 18. Qg4 a6 19. a4 Bxe3 20. Rxe3 Qg5 21. Qxg5
hxg5 22. Re2 f6 23. Bd5 Bf7 24. Bxc6 bxc6 25. Nf5 Rfe8 26. Rb2 g6 27. Ne3 Reb8
28. Rab1 Be8 29. Kg3 Kg7 30. d4 Kf7 31. Rd2 Ke7 32. Rh1 Bf7 33. dxe5 dxe5 34.
Rhd1 Rd8 35. Rxd8 Rxd8 36. Rxd8 Kxd8 37. Kf3 Ke7 38. c4 Kd6 39. Ke2 Be6 40. Kd3
Bd7 41. Nd1 Be6 42. Nc3 Bd7 43. a5 Be6 44. Na4 Bd7 45. Nc5 Bc8 46. Kc3 f5 47.
f3 f4 48. Kb3 Ke7 49. Ka3 Kd6 50. Ka4 Ke7 51. b5 cxb5+ 52. cxb5 axb5+ 53. Kxb5
Bd7+ 54. Nxd7 Kxd7 55. a6 Kc8 56. Kc6 Kb8 57. a7+ Kxa7 58. Kxc7 1-0

[Event "FRA T I 120102011"]
[Site "FRA"]
[Date "2010.10.17"]
[Round "1.1"]
[White "Coursaget, Nicolas"]
[Black "Rausis, Igor"]
[Result "0-1"]
[WhiteElo "2288"]
[BlackElo "2470"]
[PlyCount "140"]
[EventDate "2010.10.17"]
[EventType "team-match"]
[EventRounds "9"]
[EventCountry "FRA"]
[Source "FFE"]
[SourceDate "2010.10.29"]
[WhiteTeamCountry "FRA"]
[BlackTeamCountry "FRA"]

1. d4 d5 2. Nf3 c6 3. Bf4 Nf6 4. e3 Bg4 5. Be2 e6 6. Ne5 Bxe2 7. Qxe2 Nbd7 8.
Nxd7 Qxd7 9. O-O c5 10. Nd2 cxd4 11. exd4 Be7 12. Be5 O-O 13. c3 b5 14. Bxf6
Bxf6 15. Nb3 b4 16. Nc5 Qd6 17. Qb5 bxc3 18. bxc3 Rfb8 19. Qa4 Rc8 20. Rab1 Qc6
21. Qxc6 Rxc6 22. Rb7 Rb6 23. Rb1 h5 24. Rb3 Bd8 25. Kf1 Rxb7 26. Rxb7 Ba5 27.
Na4 Rc8 28. Rxa7 Bxc3 29. Nxc3 Rxc3 30. Ra8+ Kh7 31. Ke2 Rc2+ 32. Ke3 g5 33. a4
Kg6 34. h3 Kf5 35. Rf8 Rc3+ 36. Kd2 Rc7 37. Kd3 h4 38. Ra8 Rc1 39. Rf8 f6 40.
a5 Ra1 41. Ra8 Ra2 42. Ke3 Ra3+ 43. Ke2 Ke4 44. Re8 Ra2+ 45. Kf1 Ra1+ 46. Ke2
Ra2+ 47. Kf1 Kf5 48. Ra8 Ra4 49. a6 Rxd4 50. a7 Ra4 51. Ke2 Ra2+ 52. Kd3 e5 53.
Rd8 Rxa7 54. Rxd5 Kf4 55. Rb5 e4+ 56. Ke2 Ra2+ 57. Kf1 Ra1+ 58. Ke2 Rg1 59. Rb3
f5 60. Ra3 g4 61. hxg4 fxg4 62. Ra8 Rxg2 63. Kf1 h3 64. Rf8+ Kg5 65. Rg8+ Kf6
66. Rf8+ Kg7 67. Re8 g3 68. fxg3 Rxg3 69. Re7+ Kg6 70. Re8 h2 0-1

[Event "FRA T I 120102011"]
[Site "FRA"]
[Date "2010.10.17"]
[Round "1.2"]
[White "Vallin, Guillaume"]
[Black "Marie, Maxime"]
[Result "1-0"]
[WhiteElo "2415"]
[BlackElo "2237"]
[PlyCount "56"]
[EventDate "2010.10.17"]
[EventType "team-match"]
[EventRounds "9"]
[EventCountry "FRA"]
[Source "FFE"]
[SourceDate "2010.10.29"]
[WhiteTeamCountry "FRA"]
[BlackTeamCountry "FRA"]

1. d4 Nf6 2. c4 e6 3. Nc3 Bb4 4. e3 c5 5. Bd3 Nc6 6. Nge2 d5 7. cxd5 exd5 8.
O-O c4 9. Bc2 O-O 10. f3 Re8 11. g4 h5 12. g5 Nh7 13. f4 f5 14. b3 cxb3 15.
Bxb3 Be6 16. Rb1 Rc8 17. Ba4 Qa5 18. Bd2 Nf8 19. a3 Bxc3 20. Nxc3 Re7 21. Ne4
Qd8 22. Nc5 b6 23. Nxe6 Rxe6 24. Qxh5 Qe7 25. Bb3 Rd8 26. Qf3 Re4 27. Rfe1 Na5
28. Bxa5 bxa5 {suite illisible} 1-0

[Event "FRA T I 120102011"]
[Site "FRA"]
[Date "2010.10.17"]
[Round "1.3"]
[White "Decosse, Jean Fabien"]
[Black "Lefebvre, Herve"]
[Result "0-1"]
[WhiteElo "2231"]
[BlackElo "2285"]
[PlyCount "82"]
[EventDate "2010.10.17"]
[EventType "team-match"]
[EventRounds "9"]
[EventCountry "FRA"]
[Source "FFE"]
[SourceDate "2010.10.29"]
[WhiteTeamCountry "FRA"]
[BlackTeamCountry "FRA"]

1. d4 Nf6 2. c4 c5 3. d5 e6 4. Nc3 exd5 5. cxd5 d6 6. e4 g6 7. f4 Bg7 8. Bb5+
Nfd7 9. Be2 Qh4+ 10. g3 Qe7 11. Nf3 O-O 12. O-O Nb6 13. Re1 Bxc3 14. bxc3 Qxe4
15. Ng5 Qxd5 16. c4 Qxd1 17. Rxd1 Nc6 18. Bb2 Re8 19. Bf3 Nxc4 20. Bc3 Re3 21.
Rac1 h6 22. Bd5 hxg5 23. Bxc4 Be6 24. Bxe6 Rxe6 25. fxg5 Ne5 26. Rd5 Rae8 27.
Rcd1 Nc4 28. R5d3 b5 29. Bf6 Re3 30. Kf2 Re2+ 31. Kg1 R2e3 32. Kf2 Re2+ 33. Kg1
Rxa2 34. Kf1 Ne3+ 35. Rxe3 Rxe3 36. Rxd6 Rf3+ 37. Ke1 Rxf6 38. gxf6 c4 39. g4
g5 40. Rd5 c3 41. Rxg5+ Kh7 0-1

[Event "FRA T I 120102011"]
[Site "FRA"]
[Date "2010.10.17"]
[Round "1.4"]
[White "Payen, Arnaud"]
[Black "Marchadour, Emilie"]
[Result "1-0"]
[WhiteElo "2361"]
[BlackElo "2057"]
[PlyCount "92"]
[EventDate "2010.10.17"]
[EventType "team-match"]
[EventRounds "9"]
[EventCountry "FRA"]
[Source "FFE"]
[SourceDate "2010.10.29"]
[WhiteTeamCountry "FRA"]
[BlackTeamCountry "FRA"]

1. d4 Nf6 2. Nf3 g6 3. Bf4 Bg7 4. e3 O-O 5. Be2 b6 6. O-O Bb7 7. h3 d5 8. Nbd2
Nbd7 9. a4 c5 10. c3 Ne8 11. Qb3 f6 12. c4 e5 13. dxe5 Nxe5 14. Bxe5 fxe5 15.
cxd5 Bxd5 16. Bc4 Bxc4 17. Qxc4+ Kh8 18. Ne4 Nd6 19. Qd5 Nxe4 20. Qxe4 Qe7 21.
h4 a6 22. g3 Qf6 23. Kg2 Qf5 24. Ng5 Bf6 25. Nf7+ Kg7 26. Nd6 Qxe4+ 27. Nxe4
Be7 28. Rac1 Rac8 29. Rfd1 Rc7 30. Rd5 Rd8 31. Rcd1 Rxd5 32. Rxd5 b5 33. axb5
axb5 34. Rxe5 b4 35. b3 Kf7 36. Kf3 c4 37. bxc4 Rxc4 38. Rb5 h6 39. Rb6 Rc7 40.
Ke2 Rd7 41. h5 gxh5 42. Rxh6 Rb7 43. Nd6+ Kg7 44. Nf5+ Kg8 45. Nxe7+ Rxe7 46.
Rxh5 Rb7 1-0

[Event "FRA T I 120102011"]
[Site "FRA"]
[Date "2010.10.17"]
[Round "1.5"]
[White "Rodon, Gurvan"]
[Black "Mandon, Fabrice"]
[Result "0-1"]
[WhiteElo "2012"]
[BlackElo "2190"]
[PlyCount "126"]
[EventDate "2010.10.17"]
[EventType "team-match"]
[EventRounds "9"]
[EventCountry "FRA"]
[Source "FFE"]
[SourceDate "2010.10.29"]
[WhiteTeamCountry "FRA"]
[BlackTeamCountry "FRA"]

1. d4 Nf6 2. c4 c5 3. e3 g6 4. Nc3 Bg7 5. Nf3 O-O 6. Be2 cxd4 7. exd4 d5 8. c5
Nc6 9. h3 Bf5 10. Be3 b6 11. Qa4 Bd7 12. Bb5 Qc7 13. cxb6 axb6 14. Qd1 Rfd8 15.
Rc1 Qb7 16. Bxc6 Bxc6 17. O-O Ne4 18. Qb3 Nd6 19. Bf4 Nc4 20. Rfe1 Rdc8 21. Qc2
b5 22. b3 Na3 23. Qd2 Be8 24. Be5 f6 25. Bf4 Bf7 26. Nb1 Nxb1 27. Rxb1 e6 28.
Bd6 Qa6 29. Qb4 Qxa2 30. Qxb5 Be8 31. Qe2 Qxe2 32. Rxe2 Kf7 33. Rbe1 Bd7 34. b4
Ra6 35. Bc5 Bb5 36. Rb2 Ke8 37. Nd2 Kd7 38. Nb1 Ra1 39. f4 Re8 40. Kf2 e5 41.
fxe5 fxe5 42. Rd1 e4 43. Nc3 Rxd1 44. Nxd1 Ra8 45. Nc3 Kc6 46. Ra2 Rxa2+ 47.
Nxa2 Bh6 48. Nc3 Bd2 49. Nd1 Bc4 50. Ne3 Kb5 51. Ng4 Ka4 52. Bf8 Kb3 53. Bh6
Bxb4 54. Nf6 Kc3 55. Ke3 Kc2 56. Nxe4 dxe4 57. Kxe4 Bf1 58. g4 Bxh3 59. g5 Kc3
60. Ke5 Kc4 61. d5 Bc3+ 62. Kd6 Bg2 63. Ke7 Bxd5 0-1

[Event "FRA T I 120102011"]
[Site "FRA"]
[Date "2010.10.17"]
[Round "1.6"]
[White "Vaugeois, Cyrille"]
[Black "Barbini, Denis"]
[Result "0-1"]
[WhiteElo "2151"]
[BlackElo "2111"]
[PlyCount "55"]
[EventDate "2010.10.17"]
[EventType "team-match"]
[EventRounds "9"]
[EventCountry "FRA"]
[Source "FFE"]
[SourceDate "2010.10.29"]
[WhiteTeamCountry "FRA"]
[BlackTeamCountry "FRA"]

1. e4 d6 2. d4 Nf6 3. Nc3 g6 4. f3 c6 5. Be3 b5 6. Qd2 Nbd7 7. g4 Nb6 8. Bd3 h5
9. g5 Nfd7 10. f4 Nc4 11. Bxc4 bxc4 12. Nf3 Rb8 13. Rb1 Qa5 14. O-O Bg7 15. a3
O-O 16. Nh4 c5 17. Nf3 cxd4 18. Nxd4 Bb7 19. h4 e5 20. Nde2 exf4 21. Bxf4 Ne5
22. Nd5 Qxd2 23. Bxd2 Ng4 24. Bb4 Be5 25. Nef4 Kg7 26. c3 Rfe8 27. Rbe1 Bxd5
28. exd5 0-1

[Event "FRA T I 120102011"]
[Site "FRA"]
[Date "2010.10.17"]
[Round "1.8"]
[White "Turquetille, Annabelle"]
[Black "Doucet, Antoine"]
[Result "0-1"]
[WhiteElo "1773"]
[BlackElo "1828"]
[PlyCount "65"]
[EventDate "2010.10.17"]
[EventType "team-match"]
[EventRounds "9"]
[EventCountry "FRA"]
[Source "FFE"]
[SourceDate "2010.10.29"]
[WhiteTeamCountry "FRA"]
[BlackTeamCountry "FRA"]

1. e4 e5 2. f4 Bc5 3. Nf3 exf4 4. d4 Bb6 5. Bxf4 d6 6. Bc4 Nc6 7. Qd3 Bg4 8.
Nbd2 Qe7 9. Rf1 O-O-O 10. Ng5 d5 11. Bb3 f6 12. Qg3 h5 13. Ngf3 dxe4 14. Ng1
Nxd4 15. h3 Be6 16. Bxe6+ Nxe6 17. O-O-O f5 18. Be5 Bxg1 19. Rxg1 Nh6 20. Qf2
Qc5 21. Qxc5 Nxc5 22. Bxg7 Rh7 23. Bf6 Rd5 24. Bg5 Nf7 25. Be3 Ne5 26. Rgf1 Rf7
27. Kb1 Ne6 28. Nb3 Rxd1+ 29. Rxd1 f4 30. Bd4 Nxd4 31. Nxd4 f3 32. gxf3 exf3
33. Ne6 {suite illisible} 0-1

[Event "FRA T I 120102011"]
[Site "FRA"]
[Date "2010.11.07"]
[Round "1.1"]
[White "Justo, Damian"]
[Black "Fayard, Alain"]
[Result "1/2-1/2"]
[WhiteElo "2322"]
[BlackElo "2215"]
[PlyCount "96"]
[EventDate "2010.10.17"]
[EventType "team-match"]
[EventRounds "9"]
[EventCountry "FRA"]
[Source "FFE"]
[SourceDate "2010.10.29"]
[WhiteTeamCountry "FRA"]
[BlackTeamCountry "FRA"]

1. d4 Nf6 2. Nf3 e6 3. e3 d5 4. Bd3 c5 5. b3 Nc6 6. Bb2 Be7 7. Nbd2 O-O 8. O-O
b6 9. Ne5 Bb7 10. f4 Rc8 11. a3 Nxe5 12. dxe5 Ne4 13. Qe2 Nxd2 14. Qxd2 Qc7 15.
c4 dxc4 16. bxc4 Rfd8 17. Qc2 g6 18. e4 Rd7 19. Rf3 Rcd8 20. Bc3 b5 21. Qe2 b4
22. Bb2 Bf8 23. h4 h5 24. Kh1 a5 25. Rg1 Bc6 26. g4 hxg4 27. Rxg4 Qb7 28. Kh2
bxa3 29. Bc3 a2 30. Rg1 Qb3 31. Bc2 Rd2 32. Bxd2 Qxc2 33. Rf2 Bh6 34. Be3 Qxe4
35. h5 Rd3 36. hxg6 Qxe3 37. gxf7+ Kf8 38. Rg8+ Kxf7 39. Qh5+ Kxg8 40. Rg2+
Qg3+ 41. Rxg3+ Rxg3 42. Kxg3 a1=Q 43. Qg6+ Bg7 44. Qxe6+ Kf8 45. Qf5+ Ke7 46.
Qg5+ Kf7 47. Qf5+ Ke7 48. Qg5+ Kf7 1/2-1/2

[Event "FRA T I 120102011"]
[Site "FRA"]
[Date "2010.11.07"]
[Round "1.2"]
[White "Schabanel, Stephane"]
[Black "Bergez, Luc"]
[Result "0-1"]
[WhiteElo "2228"]
[BlackElo "2411"]
[PlyCount "46"]
[EventDate "2010.10.17"]
[EventType "team-match"]
[EventRounds "9"]
[EventCountry "FRA"]
[Source "FFE"]
[SourceDate "2010.10.29"]
[WhiteTeamCountry "FRA"]
[BlackTeamCountry "FRA"]

1. b3 e5 2. Bb2 Nc6 3. e3 Nf6 4. Bb5 Bd6 5. Na3 e4 6. Nc4 Bc5 7. Bxc6 dxc6 8.
a3 O-O 9. b4 Be7 10. Ne2 Re8 11. O-O Bg4 12. f3 exf3 13. gxf3 Bh3 14. Rf2 Nh5
15. f4 Bh4 16. Rf3 Qc8 17. f5 Bxf5 18. Qf1 Be4 19. Ne5 Qd8 20. Nxf7 Qxd2 21.
Qg2 Re6 22. Ne5 Rae8 23. Raf1 Bf6 0-1

[Event "FRA T I 120102011"]
[Site "FRA"]
[Date "2010.11.07"]
[Round "1.3"]
[White "Leroy, Didier"]
[Black "Lohou, Stephane"]
[Result "1-0"]
[WhiteElo "2289"]
[BlackElo "2165"]
[PlyCount "83"]
[EventDate "2010.10.17"]
[EventType "team-match"]
[EventRounds "9"]
[EventCountry "FRA"]
[Source "FFE"]
[SourceDate "2010.10.29"]
[WhiteTeamCountry "FRA"]
[BlackTeamCountry "FRA"]

1. c4 Nf6 2. g3 d5 3. cxd5 Nxd5 4. Bg2 Nb6 5. Nc3 g6 6. d3 Bg7 7. Be3 Nc6 8.
Qd2 Nd4 9. Rc1 c6 10. Bh6 O-O 11. Bxg7 Kxg7 12. e3 Nf5 13. Nge2 e5 14. O-O Qe7
15. b3 Rd8 16. Rfd1 Be6 17. Qb2 f6 18. Ne4 Nd6 19. Nc5 Bd5 20. Bh3 Nf7 21. e4
Ng5 22. Bg2 Bg8 23. f4 exf4 24. gxf4 Ne6 25. b4 Nd7 26. d4 Nexc5 27. bxc5 b6
28. cxb6 axb6 29. Nc3 Be6 30. e5 Rdc8 31. Re1 fxe5 32. fxe5 Qa3 33. Qf2 Rf8 34.
Qh4 Rac8 35. Ne4 Qxa2 36. Ra1 Qb3 37. Ra7 h6 38. Nd6 Ra8 39. Qe7+ Rf7 40. Nxf7
Rxa7 41. Nd8+ Kh8 42. Nxe6 1-0

[Event "FRA T I 120102011"]
[Site "FRA"]
[Date "2010.11.07"]
[Round "1.4"]
[White "Jablonski, Noham"]
[Black "Manouck, Thierry"]
[Result "0-1"]
[WhiteElo "2264"]
[BlackElo "2336"]
[PlyCount "100"]
[EventDate "2010.10.17"]
[EventType "team-match"]
[EventRounds "9"]
[EventCountry "FRA"]
[Source "FFE"]
[SourceDate "2010.10.29"]
[WhiteTeamCountry "FRA"]
[BlackTeamCountry "FRA"]

1. e4 d6 2. d4 Nf6 3. Nc3 Nbd7 4. g3 e5 5. Nf3 Be7 6. Bg2 O-O 7. O-O c6 8. a4
Re8 9. h3 b6 10. Re1 a6 11. g4 h6 12. Be3 Bb7 13. dxe5 dxe5 14. g5 hxg5 15.
Nxg5 Bc5 16. Qf3 Qe7 17. Ne2 g6 18. Ng3 Kg7 19. Bf1 b5 20. c3 Rh8 21. Qg2 Rag8
22. Rad1 Bc8 23. Rd2 Bxe3 24. fxe3 Nh5 25. Nf3 Nc5 26. Nf5+ Bxf5 27. exf5 Kh6
28. Qh2 gxf5+ 29. Rg2 f6 30. Nh4 Qe6 31. Be2 Rxg2+ 32. Nxg2 Rg8 33. Bxh5 Kxh5
34. Kh1 Ne4 35. Qf4 Rg3 36. Qh4+ Kg6 37. Kh2 Rg5 38. Qh8 Qd5 39. Qe8+ Kh7 40.
Rg1 Qg8 41. Qxg8+ Rxg8 42. axb5 axb5 43. Rd1 Ra8 44. Nh4 Ra2 45. Rd7+ Kh6 46.
Nxf5+ Kg5 47. Nd6 Rxb2+ 48. Kg1 Nxd6 49. Rxd6 Rc2 50. Rxc6 b4 0-1

[Event "FRA T I 120102011"]
[Site "FRA"]
[Date "2010.11.07"]
[Round "1.6"]
[White "Carbonnel, Pierre"]
[Black "Roumegous, Etienne"]
[Result "1-0"]
[WhiteElo "2234"]
[BlackElo "2167"]
[PlyCount "115"]
[EventDate "2010.10.17"]
[EventType "team-match"]
[EventRounds "9"]
[EventCountry "FRA"]
[Source "FFE"]
[SourceDate "2010.10.29"]
[WhiteTeamCountry "FRA"]
[BlackTeamCountry "FRA"]

1. e4 e6 2. d4 d5 3. Nc3 Bb4 4. e5 c5 5. Qg4 Kf8 6. Nf3 Nc6 7. a3 Bxc3+ 8. bxc3
Qa5 9. Bd2 Qa4 10. Bd3 c4 11. Be2 Qxc2 12. O-O Nge7 13. Rfc1 Qg6 14. Qh3 Nf5
15. g4 f6 16. Kh1 Nfe7 17. exf6 Qxf6 18. Ng5 Kg8 19. f4 Bd7 20. Rf1 Rf8 21. Qe3
Nd8 22. Nf3 Ng6 23. Ne5 Ba4 24. f5 exf5 25. Rxf5 Qe6 26. Raf1 Rf6 27. Nxg6 Qxe3
28. Bxe3 hxg6 29. Rxf6 gxf6 30. Rxf6 Kg7 31. Rf2 Re8 32. Bg5 Bc2 33. Bf6+ Kg8
34. Bf3 Be4 35. Bxe4 dxe4 36. Re2 Nf7 37. Be5 Nxe5 38. Rxe4 Kf7 39. dxe5 b5 40.
h4 Ke6 41. Kg2 Rd8 42. Kf3 Rh8 43. Kf4 Rxh4 44. Rd4 Rh3 45. Rd6+ Ke7 46. Rxg6
Rxc3 47. Ra6 Rc1 48. Rxa7+ Ke6 49. Ra6+ Kd5 50. Rd6+ Kc5 51. Rd8 Re1 52. g5 Kc6
53. g6 Kc7 54. g7 Kxd8 55. g8=Q+ Kc7 56. Qd5 Kb6 57. e6 Ka5 58. Qd2+ 1-0

[Event "FRA T I 120102011"]
[Site "FRA"]
[Date "2010.11.07"]
[Round "1.7"]
[White "Roumegous, Marina"]
[Black "Rabeyrin, Jean Jacques"]
[Result "0-1"]
[WhiteElo "2174"]
[BlackElo "2230"]
[PlyCount "61"]
[EventDate "2010.10.17"]
[EventType "team-match"]
[EventRounds "9"]
[EventCountry "FRA"]
[Source "FFE"]
[SourceDate "2010.10.29"]
[WhiteTeamCountry "FRA"]
[BlackTeamCountry "FRA"]

1. d4 d5 2. Nf3 Nf6 3. Bg5 Nbd7 4. Nbd2 c6 5. e3 h6 6. Bh4 g5 7. Bg3 Bg7 8. Bd3
Nh5 9. Be5 Nxe5 10. dxe5 g4 11. Nd4 Bxe5 12. c3 Nf6 13. Qc2 c5 14. Nf5 a6 15.
Ng3 Bd7 16. Be2 Qc7 17. O-O-O O-O-O 18. Kb1 h5 19. Ngf1 Qa5 20. Rc1 Kb8 21. f4
Bd6 22. Qd1 Bc8 23. Qe1 c4 24. Qh4 Bc7 25. Qf2 Qb6 26. Ka1 Nd7 27. Qe1 f5 28.
Nb1 Nc5 29. Nbd2 Qa5 30. Kb1 Bb6 31. Rg1 {suite illisible} 0-1

[Event "FRA T I 120102011"]
[Site "FRA"]
[Date "2010.11.07"]
[Round "1.8"]
[White "Cochet, Caroline"]
[Black "Bernard, Jacques"]
[Result "1/2-1/2"]
[WhiteElo "2028"]
[BlackElo "2209"]
[PlyCount "60"]
[EventDate "2010.10.17"]
[EventType "team-match"]
[EventRounds "9"]
[EventCountry "FRA"]
[Source "FFE"]
[SourceDate "2010.10.29"]
[WhiteTeamCountry "FRA"]
[BlackTeamCountry "FRA"]

1. e4 c5 2. Nf3 e6 3. d3 Nc6 4. Nbd2 g6 5. g3 Bg7 6. Bg2 Nge7 7. O-O O-O 8. Re1
e5 9. c3 d6 10. Nf1 h6 11. Ne3 Be6 12. Nd2 Qd7 13. Nd5 f5 14. Nf1 Rf7 15. f4
Raf8 16. Nfe3 Kh7 17. Qe2 b5 18. Bd2 a5 19. a3 b4 20. axb4 axb4 21. Ra6 fxe4
22. dxe4 exf4 23. Nxf4 bxc3 24. bxc3 Ne5 25. Rea1 g5 26. Ra7 Qc8 27. Ra8 Qd7
28. R8a7 Qc8 29. Ra8 Qd7 30. R8a7 Qc8 1/2-1/2

[Event "FRA T I 120102011"]
[Site "FRA"]
[Date "2010.11.13"]
[Round "2.8"]
[White "Brih, Touatia"]
[Black "Domenech, Vianney"]
[Result "1/2-1/2"]
[WhiteElo "1956"]
[BlackElo "2129"]
[PlyCount "170"]
[EventDate "2010.10.17"]
[EventType "team-match"]
[EventRounds "9"]
[EventCountry "FRA"]
[Source "FFE"]
[SourceDate "2010.10.29"]
[WhiteTeamCountry "FRA"]
[BlackTeamCountry "FRA"]

1. Nf3 d5 2. d4 Nf6 3. g3 Bf5 4. Bg2 e6 5. O-O Be7 6. c4 c6 7. cxd5 exd5 8. Nc3
O-O 9. Re1 Re8 10. Bg5 h6 11. Bxf6 Bxf6 12. Na4 Nd7 13. Rc1 Qa5 14. Qb3 Be7 15.
Nc3 Qb6 16. Qxb6 axb6 17. Ne5 Nxe5 18. dxe5 d4 19. Ne4 Bxe4 20. Bxe4 Rxa2 21.
Rc4 Rxb2 22. Rxd4 Bc5 23. Rd7 Rxe5 24. Rd8+ Bf8 25. Bf3 g6 26. Ra1 Kg7 27. Ra7
Be7 28. Rd7 c5 29. Rdxb7 Kf6 30. Ra6 Bd8 31. Rd7 Be7 32. Rb7 Re6 33. Bg4 Rd6
34. Raa7 h5 35. Bxh5 gxh5 36. Rxe7 c4 37. Rxf7+ Ke5 38. Rae7+ Kd4 39. Rd7 Rxd7
40. Rxd7+ Ke5 41. f4+ Ke6 42. Rc7 b5 43. Kf2 Rb3 44. e4 c3 45. Ke3 b4 46. Kd4
Rb2 47. f5+ Kd6 48. Rc8 Rf2 49. Kc4 Rb2 50. f6 c2 51. Kd4 Ke6 52. e5 b3 53.
Rc6+ Kf7 54. Rc7+ Kg8 55. e6 Rb1 56. Rc8+ Kh7 57. f7 Rd1+ 58. Ke5 Re1+ 59. Kd5
Rd1+ 60. Ke5 Re1+ 61. Kd5 Rd1+ 62. Ke4 Re1+ 63. Kd3 Rd1+ 64. Ke2 Re1+ 65. Kxe1
b2 66. Rh8+ Kg6 67. Rg8+ Kh7 68. f8=Q b1=Q+ 69. Kf2 Qb6+ 70. Kg2 Qc6+ 71. Kf2
Qb6+ 72. Kg2 Qc6+ 73. Kf2 Qb6+ 74. Ke2 Qxe6+ 75. Kd2 Qxg8 76. Qxg8+ Kxg8 77.
Kxc2 Kf7 78. Kd3 Kf6 79. Ke4 Kg5 80. Kf3 Kf5 81. h4 Ke5 82. g4 hxg4+ 83. Kxg4
Kf6 84. Kh5 Kg7 85. Kg5 Kh7 1/2-1/2